000 00729nam a22002177a 4500
003 0
005 20240816151308.0
008 240816b xxu||||| |||| 00| 0 eng d
020 _a978-0-357-50440-6
050 _aTK 5105.6
_b.W47 2023
100 _aWest, Jill
245 _aData communication and computer networks
_cJill West and Curt M. White
250 _aNinth edition
260 _aMassachusetts, USA
_bCengage
_c2023
300 _axviii, 490 pages :
_bcolored illustrations and pictures ;
_c28cm.
504 _aIncludes bibliographical references, glossary, and index.
650 _aComputer networks.
650 _aOSI (Computer network standard)
650 _aData transmission systems.
942 _2lcc
_cBK
999 _c366107
_d366107